Muktevi bharathi silent heaven and other stories/ (Record no. 160747)
[ view plain ]
| 000 -LEADER | |
|---|---|
| fixed length control field | 00552nam a22001817a 4500 |
| 005 - DATE AND TIME OF LATEST TRANSACTION | |
| control field | 20190214120004.0 |
| 010 ## - LCCN (DPL NO) | |
| LC control number | ENG-124791 |
| 020 ## - INTERNATIONAL STANDARD BOOK NUMBER | |
| Terms of availability | 100.00 |
| 035 ## - SYSTEM CONTROL NUMBER | |
| System control number | EN-108323 |
| 037 ## - SOURCE OF ACQUISITION | |
| Source of stock number/acquisition | DBAD/PUB |
| 082 ## - DEWEY DECIMAL CLASSIFICATION NUMBER | |
| Classification number | S |
| 245 ## - TITLE STATEMENT | |
| Title | Muktevi bharathi silent heaven and other stories/ |
| Statement of responsibility, etc | translated by Swatee Sripada |
| 260 ## - PUBLICATION, DISTRIBUTION, ETC. (IMPRINT) | |
| Place of publication, distribution, etc | Hyderabad |
| Name of publisher, distributor, etc | Smitha Publications |
| Date of publication, distribution, etc | 2016 |
| 270 ## - ADDRESS | |
| Address | 301, Yamuna Apartments, Ramantapuram |
| City | Hyderabad |
| Postal code | 500013 |
| Electronic mail address | sweetee167@gmail.com |
| 300 ## - PHYSICAL DESCRIPTION | |
| Extent | vii,127p |
| Dimensions | 21cm(pbk) |
| 700 ## - ADDED ENTRY--PERSONAL NAME | |
| Personal name | Sripada Swatee |
| 942 ## - ADDED ENTRY ELEMENTS (KOHA) | |
| Source of classification or shelving scheme | Dewey Decimal Classification |
| Item type | English Books |
| Classification part | S |
| Call number suffix | MUK |
| Withdrawn status | Lost status | Not for loan | Collection code | Home library | Current library | Date acquired | Source of acquisition | Cost, normal purchase price | Full call number | Barcode | Copy number | Cost, replacement price | Koha item type |
|---|---|---|---|---|---|---|---|---|---|---|---|---|---|
| Not For Loan | Fiction | D.B.Act.Division | Ashok Vihar | 09/02/2019 | DBAD/PUB | 100.00 | S MUK | EN-108323 | 1 | 100.00 | English Books |
